| 000 | 00755nam a2200181 a 4500 | ||
|---|---|---|---|
| 008 | 070524s2007 xx |||||||||||||| || u | ||
| 050 | _aIBRD(08) | ||
| 100 | _aLarson, Donald F | ||
| 245 | 1 | 0 |
_aWill markets direct investments under the Kyoto protocol? _cby Donald F. Larson.;Gunnar Breustedt |
| 260 |
_a _bWashington, D. C _c2007 |
||
| 300 | _a32p.: ill. | ||
| 350 | _a0.00 | ||
| 490 | _aWorld Bank policy research working papers | ||
| 650 | _aENVIRONMENTAL--ECONOMIC POLICIES--KYOTO | ||
| 650 | _aINVESTMENT AND INVESTMENT CLIMATE--KYOTO | ||
| 700 | _aBreustedt, Gunnar | ||
| 995 |
_D0.00 _FCBU-MAIN LIBRARY (Kitwe) _H1 _I0.00 _M1 _UAVAILABLE _WMay 24, 2007 _ZInternational Publications |
||
| 999 |
_c61769 _d61769 |
||